| 000 | 00000nas 2200000za 4500 |
| 001 | 9.864310 |
| 003 | CaOODSP |
| 005 | 20221107161516 |
| 007 | cr ||||||||||| |
| 008 | 181106d19331937oncar p oss f000#b0eng|d |
| 040 | |aCaOODSP|beng |
| 041 | |aeng|afre |
| 043 | |an-cn--- |
| 086 | 1 |aCS35-205-PDF |
| 245 | 00|aSash, door, and planing-mill industry in Canada |h[electronic resource]. |
| 246 | 13|aAteliers de planage et fabriques de portes et châssis|f1934 |
| 246 | 13|aAteliers de rabotage et fabriques de portes et châssis |
| 260 | |aOttawa : |bDominion Bureau of Statistics, Forestry Branch, |c1935-1939. |
| 300 | |a5 v. |
| 310 | |aAnnual |
| 362 | 0 |a1932/1933-1937. |
| 500 | |aDigitized edition from print [produced by Statistics Canada] |
| 515 | |aVol. for 1932/1933 issued together. |
| 546 | |aText in English only, 1932/1933; text in English and French, 1934-1937. |
| 580 | |aContinues: Preliminary report on the sash, door & planing mill industry in Canada. |
| 580 | |aContinued by: Planing mills and sash and door factories. |
| 692 | 07|2gccst|aWoodworking industry |
| 710 | 1 |aCanada. |bDominion Bureau of Statistics. |bForestry Branch. |
| 780 | 00|tPreliminary report on the sash, door & planing mill industry in Canada |w(CaOODSP)9.864322 |
| 785 | 00|tPlaning mills and sash and door factories |w(CaOODSP)9.864298 |
| 792 | |tSash, door, and planing-mill industry in Canada |efre|w(CaOODSP)9.864317 |